Statistics for Cleveland, Ohio High School Football Max Preps Top 100 2023

Click here to take the quiz!

General Stats

  • This quiz has been taken 6 times
  • The average score is 61 of 100

Answer Stats

CityAnswer% Correct
AvonAvon Eagles
100%
CantonCanton South Wildcats
100%
Cleveland HeightsCleveland Heights Tigers
100%
GalionGalion Tigers
100%
GenevaGeneva Eagles
100%
CantonGlenOak Golden Eagles
100%
HuronHuron Tigers
100%
MassillonJackson Polar Bears
100%
MayfieldMayfield Wildcats
100%
MogadoreMogadore Wildcats
100%
North RoyaltonNorth Royalton Bears
100%
LakewoodSt. Edward Eagles
100%
ClevelandSt. Ignatius Wildcats
100%
TwinsburgTwinsburg Tigers
100%
MassillonWashington Tigers
100%
Broadview HeightsBrecksville-Broadview Heights Bees
83%
CarrolltonCarrollton Warriors
83%
AshtabulaEdgewood Warriors
83%
MedinaHighland Hornets
83%
North CantonHoover Vikings
83%
KirtlandKirtland Hornets
83%
MalvernMalvern Hornets
83%
MedinaMedina Bees
83%
MentorMentor Cardinals
83%
ChardonNotre Dame-Cathedral Latin Lions
83%
MansfieldOntario Warriors
83%
MagnoliaSandy Valley Cardinals
83%
StrongsvilleStrongsville Mustangs
83%
ClevelandVilla Angela-St. Joseph Vikings
83%
Cuyahoga FallsWalsh Jesuit Warriors
83%
AkronArchbishop Hoban Knights
67%
AuroraAurora Greenmen
67%
BrunswickBrunswick Blue Devils
67%
ChardonChardon Hilltoppers
67%
DaltonDalton Bulldogs
67%
SugarcreekGaraway Pirates
67%
UniontownGreen Bulldogs
67%
Gates MillsHawken Hawks
67%
HudsonHudson Explorers
67%
MentorLake Catholic Cougars
67%
LorainLorain Titans
67%
CantonMcKinley Bulldogs
67%
MacedoniaNordonia Knights
67%
GalionNorthmor Golden Knights
67%
North RidgevilleNorth Ridgeville Rangers
67%
NortonNorton Panthers
67%
Olmsted FallsOlmsted Falls Bulldogs
67%
ParmaPadua Franciscan Bruins
67%
SanduskyPerkins Pirates
67%
MassillonPerry Panthers
67%
PerryPerry Pirates
67%
Rocky RiverRocky River Pirates
67%
Shaker HeightsShaker Heights Raiders
67%
AmherstSteele Comets
67%
TallmadgeTallmadge Blue Devils
67%
MillersburgWest Holmes Knights
67%
PeninsulaWoodridge Bulldogs
67%
Avon LakeAvon Lake Shoremen
50%
BarbertonBarberton Magics
50%
Bay VillageBay Rockets
50%
BellevueBellevue Redmen
50%
MedinaBuckeye Bucks
50%
ClevelandCuyahoga Heights Red Wolves
50%
AkronEast Dragons
50%
ElyriaElyria Pioneers
50%
GarrettsvilleGarfield G-Men
50%
Gates MillsGilmour Academy Lancers
50%
ClevelandGlenville Tarblooders
50%
GnadenhuttenIndian Valley Braves
50%
Chagrin FallsKenston Bombers
50%
PainesvilleRiverside Beavers
50%
StreetsboroStreetsboro Rockets
50%
AkronSt. Vincent-St. Mary Fighting Irish
50%
WadsworthWadsworth Grizzlies
50%
AllianceAlliance Aviators
33%
ClevelandBenedictine Bengals
33%
AkronBuchtel Griffins
33%
CantonCanton Central Catholic Crusaders
33%
MilanEdison Chargers
33%
JeromesvilleHillsdale Falcons
33%
UniontownLake Blue Streaks
33%
LexingtonLexington Minutemen
33%
LucasLucas Cubs
33%
Rocky RiverLutheran West Longhorns
33%
MadisonMadison Blue Streaks
33%
GraftonMidview Middies
33%
RichfieldRevere Minutemen
33%
SanduskySandusky Blue Streaks
33%
ChesterlandWest Geauga Wolverines
33%
WestlakeWestlake Demons
33%
AshlandAshland Arrows
17%
LorainClearview Clippers
17%
Cuyahoga FallsCuyahoga Valley Christian Academy Royals
17%
DoverDover Crimson Tornadoes
17%
MansfieldMansfield Senior Tygers
17%
CrestonNorwayne Bobcats
17%
NorwalkSt. Paul Flyers
17%
Hunting ValleyUniversity School Preppers
17%
New PhiladelphiaNew Philadelphia Fighting Quakers
0%
ShelbyShelby Whippets
0%

Score Distribution

Percentile by Number Answered

Percent of People with Each Score

Your Score History

You have not taken this quiz